000
00305nam a2200133Ia 4500
008
190216s9999||||xx |||||||||||||| ||und||
100
_a
Rajam. J.B
245
2
_a
A Text Book Of Heat For Degree Students
250
_a
8th Ed.
260
_b
Null
_c
1970
300
_a
576
650
_a
Physics
942
_c
BK
999
_c
32778
_d
32778